What's It Stand For? (Internet Acronyms Edition) Quiz Stats

 Plays Quiz Updated Aug 8, 2018

Challenge
Share
Tweet
Embed
Score 0/43 Timer 04:00
50 Plays Today
% Correct
the
99.3%
the
99.3%
I
98.9%
I
98.9%
as
98.9%
as
98.9%
my
98.9%
oh
98.8%
goodness
98.7%
soon
98.3%
possible
98.2%
don't
98.1%
by
98%
know
98%
way
98%
you
97.6%
on
94.7%
to
94.3%
questions
94.2%
later
93.3%
later
93.3%
talk
92.2%
% Correct
asked
92%
frequently
91.8%
floor
91.4%
laughing
91.1%
rolling
90.1%
be
89.8%
not
89.3%
in
88.4%
for
88.2%
back
87.6%
real
86.6%
your
86.4%
own
85%
life
83.4%
suitable
79.7%
mind
78.5%
business
78.2%
work
77.5%
if
63.8%
correctly
43.8%
recall
43.5%

You're not logged in!

Compare scores with friends on all Sporcle quizzes.
Join for Free
OR
Log In

You Might Also Like...

Show Comments

Extras

Top Quizzes Today


Score Distribution

Your Account Isn't Verified!

In order to create a playlist on Sporcle, you need to verify the email address you used during registration. Go to your Sporcle Settings to finish the process.

Report this User

Report this user for behavior that violates our Community Guidelines.

Details: